000 00411nam a22001217a 4500
999 _c1369
_d1369
005 20200831111829.0
008 200831b ||||| |||| 00| 0 eng d
020 _a0237509814
040 _cCML
245 _aSecondary Mathematics for Uganda Tutor Text 3.
_cBull, A.C.R., Busbridge, J.N., Ferris, V.W.
260 _aLondon
_bEvans Brothers Limited.
_c1988
942 _2ddc
_cBK
_eEdition
_h510.42
_mBUL